Normal view
MARC view
- كساب، نصري حسين
Entry Personal Name
001 - CONTROL NUMBER
- control field: 20306
003 - CONTROL NUMBER IDENTIFIER
- control field: JO-AjAnu
005 - DATE AND TIME OF LATEST TRANSACTION
- control field: 20230606073532.0
008 - FIXED-LENGTH DATA ELEMENTS
- fixed length control field: 230606|| aca||aabn | a|a d
040 ## - CATALOGING SOURCE
- Original cataloging agency: JO-AjAnu
- Transcribing agency: JO-AjAnu
100 ## - HEADING--PERSONAL NAME
- Personal name: كساب، نصري حسين
670 ## - SOURCE DATA FOUND
- Source citation: Work cat.: (JO-AjAnu)10427: كساب، نصري حسين, author, نجم بني هاشم